000 00520nam a2200193Ia 4500
003 GCL
008 140319s9999 xx 000 0 eng d
040 _aGCL /
_cGCL
082 0 4 _a620.1
_bB E
100 1 _aBHAVIKATTI, S. S.
245 1 0 _aENGINEEING MECHANICS /
_cBHAVIKATTI, S. S.
700 1 _aRAYASHEKARAPPA, K. G.
260 _a[S.N] :
_bWILEY EASTERN LIMITED ،
_c1994
300 _a537 P
650 0 4 _aالتحليل الرياضى
650 0 4 _aCIVIL ENGINEERING
650 0 4 _aMECHANICS
942 _2ddc
_cBK
999 _c20520
_d20520